[Event "Team men HL chess 2017"]
[Site "Sochi"]
[Date "2017.05.01"]
[Round "1.2"]
[White "Savchenko, Boris"]
[Black "Pakhomov, Alexey"]
[Result "1-0"]
[WhiteElo "2634"]
[BlackElo "2343"]
[PlyCount "71"]
[EventDate "2017.05.01"]

1. e4 e6 2. d4 d5 3. Nc3 Bb4 4. a3 Bxc3+ 5. bxc3 Ne7 6. Bd3 c5 7. Nf3 Nbc6 8.
O-O c4 9. exd5 exd5 10. Be2 f6 11. a4 O-O 12. Ba3 Re8 13. Re1 Ng6 14. Qb1 Rb8
15. Nd2 Be6 16. Bf1 Qd7 17. g3 Bf7 18. Qb5 a6 19. Qb6 h5 20. h4 Red8 21. Rab1
Qf5 22. Rbc1 Nf8 23. Bxf8 Rxf8 24. Bg2 Rfd8 25. Re2 Qd7 26. Rb1 Qd6 27. Ra1 Bg6
28. Nf1 Bf7 29. Ne3 Qd7 30. Rae1 Ne7 31. a5 Nc6 32. Qc5 Rbc8 33. Kh2 g6 34.
Nxd5 Qd6 35. Re8+ Bxe8 36. Rxe8+ 1-0

[Event "Team men HL chess 2017"]
[Site "Sochi"]
[Date "2017.05.01"]
[Round "1.2"]
[White "Meshkov, Yuri A"]
[Black "Tukhaev, Adam"]
[Result "1/2-1/2"]
[WhiteElo "2345"]
[BlackElo "2557"]
[PlyCount "102"]
[EventDate "2017.05.01"]

1. e4 c5 2. Nf3 e6 3. b3 b6 4. Bb2 Bb7 5. Qe2 d6 6. g3 Nf6 7. d3 Be7 8. Bg2 O-O
9. O-O Nc6 10. Nbd2 Qc7 11. c3 a5 12. a4 d5 13. e5 Nd7 14. Rfe1 Rfe8 15. Nb1 f6
16. exf6 Bxf6 17. Na3 Rad8 18. Nb5 Qb8 19. Nd2 Na7 20. Nxa7 Qxa7 21. Nb1 Nb8
22. Na3 Nc6 23. Nb5 Qb8 24. Rad1 e5 25. c4 dxc4 26. bxc4 Nd4 27. Bxd4 exd4 28.
Qh5 g6 29. Rxe8+ Rxe8 30. Bd5+ Kg7 31. Qf3 Bc8 32. h3 Re7 33. Kg2 Qe5 34. Be4
Bd7 35. Bc6 Bf5 36. g4 Bc8 37. Qg3 Qe2 38. Bf3 Bb7 39. Bxb7 Qxd1 40. Be4 Qxa4
41. g5 Be5 42. Qh4 Kf8 43. Qg4 Qc2 44. Qc8+ Re8 45. Qd7 Qd2 46. h4 Qf4 47. Qxh7
Re7 48. Qh6+ Bg7 49. Qxg6 Qg4+ 50. Kf1 Qd1+ 51. Kg2 Qg4+ 1/2-1/2

[Event "Team men HL chess 2017"]
[Site "Sochi"]
[Date "2017.05.01"]
[Round "1.2"]
[White "Gabrielian, Artur"]
[Black "Babarykin, Stanislav"]
[Result "1-0"]
[WhiteElo "2525"]
[BlackElo "2354"]
[PlyCount "45"]
[EventDate "2017.05.01"]

1. d4 Nf6 2. c4 g6 3. Nc3 Bg7 4. e4 d6 5. Nf3 O-O 6. Be2 e5 7. O-O Nc6 8. d5
Ne7 9. b4 Nh5 10. Re1 f5 11. Ng5 Nf4 12. Bxf4 exf4 13. Rc1 fxe4 14. Ncxe4 Nf5
15. c5 Re8 16. Bc4 Re5 17. Qd2 Nd4 18. Qxf4 Qe7 19. Qd2 Bf5 20. f4 Rxe4 21.
Nxe4 Bxe4 22. Bd3 Nf5 23. Bxe4 1-0

[Event "Team men HL chess 2017"]
[Site "Sochi"]
[Date "2017.05.01"]
[Round "1.2"]
[White "Suslov, Evgeniy"]
[Black "Musalov, Ruslan"]
[Result "1-0"]
[WhiteElo "2252"]
[BlackElo "2348"]
[PlyCount "73"]
[EventDate "2017.05.01"]

1. d4 Nf6 2. c4 e6 3. Nf3 d5 4. Nc3 Be7 5. Bg5 Nbd7 6. e3 c6 7. Rc1 O-O 8. Bd3
dxc4 9. Bxc4 Nd5 10. Bxe7 Qxe7 11. O-O Nxc3 12. Rxc3 e5 13. Qc2 exd4 14. exd4
Nf6 15. Re1 Qd8 16. Rce3 Bg4 17. Ne5 Bh5 18. Qb3 Qxd4 19. Qxb7 Rab8 20. Qxc6
Rxb2 21. Nd3 Rd2 22. Qa4 Kh8 23. Qb4 Rd8 24. Qxd2 Qxc4 25. Ne5 Qc7 26. Qc3 Qb6
27. Qb3 Qc7 28. Qc4 Qb7 29. Rb3 Qc8 30. Nxf7+ Bxf7 31. Qxf7 Rf8 32. Qxa7 Ne4
33. f3 Nd6 34. Reb1 Qd8 35. Rb8 Nc8 36. Qc5 Re8 37. Rc1 1-0

[Event "Team men HL chess 2017"]
[Site "Sochi"]
[Date "2017.05.01"]
[Round "1.3"]
[White "Domogaev, Sergey"]
[Black "Paravyan, David"]
[Result "0-1"]
[WhiteElo "2431"]
[BlackElo "2528"]
[PlyCount "86"]
[EventDate "2017.05.01"]

1. d4 Nf6 2. c4 g6 3. Nc3 Bg7 4. e4 d6 5. Be2 O-O 6. Bg5 c5 7. d5 e6 8. Nf3
exd5 9. cxd5 h6 10. Bh4 g5 11. Bg3 Nh5 12. O-O Nxg3 13. hxg3 Nd7 14. Nd2 Ne5
15. Nc4 Nxc4 16. Bxc4 a6 17. a4 Qb6 18. Ra3 f5 19. a5 Qc7 20. Bd3 Bd4 21. exf5
Bxf5 22. Ne2 Bxb2 23. Qc2 Bxa3 24. Bxf5 Qg7 25. Be6+ Kh8 26. g4 Qb2 27. Qd3 c4
28. Qh3 Rf6 29. Nc3 Qb3 30. f4 Bb4 31. Rf3 Bxc3 32. Rxc3 Qd1+ 33. Kh2 Qd4 34.
Rf3 Kg7 35. Bf5 Rh8 36. Re3 Qxf4+ 37. Kg1 Qd4 38. Kh1 Rhf8 39. Qg3 Qxd5 40. Qe1
R8f7 41. Qc3 Qc5 42. Re8 d5 43. Rd8 Re7 0-1

[Event "Team men HL chess 2017"]
[Site "Sochi"]
[Date "2017.05.01"]
[Round "1.3"]
[White "Zhukova, Natalia"]
[Black "Pogosian, Georgy"]
[Result "0-1"]
[WhiteElo "2450"]
[BlackElo "2204"]
[PlyCount "80"]
[EventDate "2017.05.01"]

1. d4 d5 2. c4 e6 3. Nc3 Nf6 4. cxd5 exd5 5. Bg5 Be7 6. e3 Nbd7 7. Bd3 c6 8.
Nge2 O-O 9. Qc2 Re8 10. O-O Nf8 11. h3 Nh5 12. Bxe7 Qxe7 13. Rab1 Qg5 14. Kh2
Ng6 15. f4 Qe7 16. Nd1 Nf6 17. b4 a6 18. Nec3 b5 19. a4 Bd7 20. a5 Qd6 21. Kh1
Re7 22. g4 Rae8 23. f5 Rxe3 24. Nxe3 Rxe3 25. Qh2 Qxh2+ 26. Kxh2 Rxd3 27. Nxb5
cxb5 28. fxg6 Rxd4 29. g5 Ne4 30. Rxf7 Rd2+ 31. Kh1 Bxh3 32. Rb3 hxg6 33. Ra7
Bf5 34. Rxa6 Nxg5 35. Kg1 Be4 36. Rb6 Nf3+ 37. Kf1 g5 38. a6 Ra2 39. Rc3 d4 40.
Rxf3 Bxf3 0-1

[Event "Team men HL chess 2017"]
[Site "Sochi"]
[Date "2017.05.01"]
[Round "1.3"]
[White "Parfenov, Viktor N"]
[Black "Kryakvin, Dmitry"]
[Result "1/2-1/2"]
[WhiteElo "2240"]
[BlackElo "2560"]
[PlyCount "108"]
[EventDate "2017.05.01"]

1. d4 Nf6 2. Nf3 c5 3. e3 g6 4. Nbd2 Bg7 5. dxc5 Qa5 6. a3 Qxc5 7. b4 Qc7 8.
Bb2 O-O 9. c4 d6 10. Be2 Nbd7 11. O-O b6 12. Rc1 Bb7 13. Qc2 Rac8 14. Qb1 Qb8
15. h3 a6 16. Qa1 Rc7 17. Nb3 Rfc8 18. a4 Bxf3 19. gxf3 a5 20. b5 Nc5 21. Nd2
Nh5 22. Bxg7 Nxg7 23. f4 e6 24. Rcd1 Rd8 25. Nf3 Nf5 26. Kh2 Re7 27. Qf6 Nd7
28. Qa1 e5 29. fxe5 dxe5 30. Kg1 Rde8 31. Ng5 Nc5 32. Rd5 Qc8 33. Rfd1 h6 34.
Rxc5 bxc5 35. Ne4 Rd8 36. Rxd8+ Qxd8 37. Nxc5 Re8 38. Ne4 Kg7 39. Qc3 Nh4 40.
c5 Qd7 41. Kh2 Qf5 42. Qd3 Rd8 43. Qxd8 Qxe4 44. f3 Qxe3 45. Qxh4 Qxe2+ 46. Kg1
Qxf3 47. Qe1 Qd5 48. Qe3 Qd1+ 49. Kg2 Qxa4 50. Qxe5+ Kh7 51. b6 Qc2+ 52. Kf3 a4
53. Qd5 Qc1 54. Ke2 Qf4 {çàïèñü íåðàçáîð~~èâà} 1/2-1/2

[Event "Team men HL chess 2017"]
[Site "Sochi"]
[Date "2017.05.01"]
[Round "1.3"]
[White "Barskij, Vladimir"]
[Black "Zaika, Daniil"]
[Result "1-0"]
[WhiteElo "2389"]
[BlackElo "2149"]
[PlyCount "131"]
[EventDate "2017.05.01"]

1. e4 e6 2. Nf3 d5 3. Nc3 Nf6 4. e5 Nfd7 5. d4 c5 6. dxc5 Nc6 7. Bf4 Bxc5 8.
Bd3 Be7 9. Qd2 h6 10. h4 a6 11. h5 b5 12. Rh3 b4 13. Ne2 Qc7 14. Rg3 Kf8 15.
O-O-O Ndxe5 16. Nxe5 Nxe5 17. Kb1 Bd6 18. Nd4 Bd7 19. Re1 Nxd3 20. Bxd6+ Qxd6
21. Qxd3 e5 22. Nf5 Bxf5 23. Qxf5 f6 24. Rd3 Re8 25. f4 Kf7 26. Qg6+ Kf8 27. b3
Re7 28. Red1 Rd7 29. Qg4 d4 30. fxe5 fxe5 31. Qe4 Kf7 32. Rf3+ Ke7 33. Rf5 Rc8
34. Rxe5+ Kd8 35. Qe2 Rc6 36. Re4 Qc5 37. Re8+ Kc7 38. Ra8 Re7 39. Qxe7+ Qxe7
40. Ra7+ Kd8 41. Rxd4+ Ke8 42. Rxe7+ Kxe7 43. Rxb4 Rc5 44. g4 Rg5 45. Re4+ Kd6
46. c4 g6 47. hxg6 Rxg6 48. Kc2 Rg5 49. Rf4 Kc6 50. Kc3 h5 51. Rf6+ Kb7 52.
gxh5 Rxh5 53. Kb4 Rh2 54. a3 Rh5 55. Ka4 Rc5 56. Rd6 Rh5 57. b4 Rh3 58. c5 Rc3
59. Rd7+ Kb8 60. Rh7 Rd3 61. Ka5 Rxa3+ 62. Kb6 Kc8 63. c6 Rd3 64. Rh8+ Rd8 65.
Rxd8+ Kxd8 66. Kb7 1-0

[Event "Team men HL chess 2017"]
[Site "Sochi"]
[Date "2017.05.01"]
[Round "1.4"]
[White "Goryachkina, Aleksandra"]
[Black "Tekeyev, Zaur"]
[Result "1-0"]
[WhiteElo "2470"]
[BlackElo "2383"]
[PlyCount "101"]
[EventDate "2017.05.01"]

1. d4 Nf6 2. c4 g6 3. Nc3 Bg7 4. e4 O-O 5. Be3 d6 6. h3 Na6 7. Nf3 c5 8. d5 e6
9. Be2 exd5 10. cxd5 Re8 11. Nd2 Nc7 12. a4 b6 13. O-O Ba6 14. Bxa6 Nxa6 15. f3
Nd7 16. Qe2 Nb4 17. Nc4 Ne5 18. Na3 f5 19. Rad1 a6 20. Kh1 Rb8 21. Rfe1 Nf7 22.
Nc2 Nxc2 23. Qxc2 fxe4 24. Nxe4 b5 25. Bd2 Rf8 26. Bc3 Nh6 27. Bxg7 Kxg7 28.
axb5 Rxb5 29. Qc1 Rf5 30. f4 Kg8 31. Ng5 Nf7 32. Ne6 Qh4 33. Qc3 Qf6 34. g4
Qxc3 35. bxc3 Rf6 36. Ra1 Rb6 37. Reb1 Rxb1+ 38. Rxb1 h6 39. Rb8+ Kh7 40. Ra8
g5 41. f5 Ne5 42. Rxa6 Nc4 43. Nxc5 Rf7 44. Ne4 Re7 45. Nxd6 Nd2 46. Kg1 Re2
47. Ra7+ Kg8 48. f6 Nf3+ 49. Kf1 Rd2 50. f7+ Kg7 51. f8=Q+ 1-0

[Event "Team men HL chess 2017"]
[Site "Sochi"]
[Date "2017.05.01"]
[Round "1.4"]
[White "Rozhko, Dmitry"]
[Black "Potapov, Pavel"]
[Result "1/2-1/2"]
[WhiteElo "2351"]
[BlackElo "2497"]
[PlyCount "80"]
[EventDate "2017.05.01"]

1. d4 f5 2. g3 Nf6 3. Bg2 g6 4. Nf3 Bg7 5. O-O O-O 6. Nbd2 Nc6 7. c3 d5 8. Ne1
e5 9. dxe5 Nxe5 10. Ndf3 Nxf3+ 11. Nxf3 c6 12. Qb3 Qe7 13. Be3 Ne4 14. Rad1 Be6
15. Bd4 Bh6 16. Qc2 c5 17. Be5 Bf7 18. Bf4 Bg7 19. Qc1 Bf6 20. h4 Rfe8 21. Ng5
Rad8 22. Nxf7 Qxf7 23. Qc2 Be5 24. Bxe5 Rxe5 25. e3 Rde8 26. Qa4 b6 27. Qc6 Kg7
28. a4 R8e6 29. Qb5 d4 30. exd4 cxd4 31. Qb4 dxc3 32. Bxe4 Rxe4 33. Qxc3+ Qf6
34. Rd7+ Re7 35. Rxe7+ Rxe7 36. Rc1 Qxc3 37. Rxc3 Kf7 38. Kg2 Kg7 39. Kf3 Kf6
40. Rc6+ Kf7 1/2-1/2

[Event "Team men HL chess 2017"]
[Site "Sochi"]
[Date "2017.05.01"]
[Round "1.4"]
[White "Belyakov, Bogdan"]
[Black "Nuristani, Iman"]
[Result "1-0"]
[WhiteElo "2470"]
[BlackElo "2026"]
[PlyCount "115"]
[EventDate "2017.05.01"]

1. e4 e6 2. d4 d5 3. Nc3 dxe4 4. Nxe4 Bd7 5. Nf3 Bc6 6. Bd3 Nd7 7. O-O Ngf6 8.
Neg5 Qe7 9. c4 Bxf3 10. Nxf3 c6 11. Re1 Qd6 12. Qb3 Qc7 13. h3 Be7 14. Bg5 Rd8
15. Rad1 h6 16. Bc1 O-O 17. Bb1 Rfe8 18. Qc2 Bd6 19. b3 Qa5 20. c5 Bb8 21. a3
e5 22. b4 Qc7 23. Nxe5 Nxe5 24. Rxe5 Rxe5 25. dxe5 Rxd1+ 26. Qxd1 Qxe5 27. g3
g5 28. Be3 Bc7 29. Qd3 Qe6 30. Qf5 Be5 31. Qxe6 fxe6 32. Bc1 Nd5 33. Kf1 Kg7
34. Bd3 a6 35. Bc4 Kf6 36. Ke2 Kf5 37. Bd3+ Kf6 38. Bc4 Kf5 39. Kd3 Ba1 40. Bb3
Be5 41. Bd1 Bc3 42. Bf3 Be1 43. Bb2 e5 44. Bxd5 Bxf2 45. Be4+ Kf6 46. g4 a5 47.
Kc4 axb4 48. axb4 Ke6 49. Bf5+ Kf6 50. Bc8 b5+ 51. cxb6 Bxb6 52. Bd7 h5 53.
Bxc6 Ke6 54. Bc1 hxg4 55. hxg4 Bd8 56. Be3 Kd6 57. Be4 Bc7 58. Bxg5 1-0

[Event "Team men HL chess 2017"]
[Site "Sochi"]
[Date "2017.05.01"]
[Round "1.4"]
[White "Kozak, Alexander"]
[Black "Savitskiy, Sergey"]
[Result "0-1"]
[WhiteElo "2334"]
[BlackElo "2416"]
[PlyCount "78"]
[EventDate "2017.05.01"]

1. g3 g6 2. Bg2 Bg7 3. d4 d6 4. e4 c5 5. dxc5 Qa5+ 6. Nc3 Bxc3+ 7. bxc3 Qxc3+
8. Bd2 Qxc5 9. Ne2 Nf6 10. h3 O-O 11. O-O Nc6 12. Kh2 Ne5 13. a4 Bd7 14. Qb1
Bxh3 15. Bb4 Qc4 16. Kxh3 Qxe2 17. f3 Nxe4 18. Ra3 Rac8 19. Qe1 Qxe1 20. Bxe1
Ng5+ 21. Kh4 Rxc2 22. Bf2 Ne6 23. f4 g5+ 24. Kh3 gxf4 25. Bxb7 Rb8 26. Bd5 f3
27. Bxe6 fxe6 28. Bxa7 Rbb2 29. Bg1 Ra2 30. Rxa2 Rxa2 31. Bd4 Nf7 32. Be3 Rxa4
33. g4 Ra3 34. Bc1 Ra1 35. Kg3 Ne5 36. Rd1 Kf7 37. Rh1 Nd3 38. Rxh7+ Kg8 39.
Rxe7 f2 0-1

[Event "Team men HL chess 2017"]
[Site "Sochi"]
[Date "2017.05.01"]
[Round "1.5"]
[White "Taysayev, Timur"]
[Black "Iljiushenok, Ilia"]
[Result "1/2-1/2"]
[WhiteElo "2245"]
[BlackElo "2489"]
[PlyCount "115"]
[EventDate "2017.05.01"]

1. e4 c5 2. Nf3 e6 3. d4 cxd4 4. Nxd4 Nc6 5. Nc3 Qc7 6. g3 a6 7. Bg2 Nf6 8. O-O
h5 9. h3 Bc5 10. Nb3 Ba7 11. Bf4 Ne5 12. a4 d6 13. Qe2 Bd7 14. Rad1 Rc8 15.
Rfe1 Rg8 16. Bg5 Nc4 17. Bc1 g5 18. Qf3 Rg6 19. e5 Bc6 20. Qd3 Nxe5 21. Qxd6
Qxd6 22. Rxd6 Bxg2 23. Kxg2 Nc4 24. Rd3 Nd7 25. Rd5 Bb8 26. Rdd1 Nde5 27. Re2
Ke7 28. Nd4 f6 29. Ne4 Rgg8 30. b3 Na5 31. Ba3+ Kf7 32. Nc5 Rge8 33. Ncxe6 Rxe6
34. Nxe6 Kxe6 35. f4 gxf4 36. gxf4 Nac6 37. fxe5 fxe5 38. Rd3 h4 39. Bb2 Nb4
40. Rc3 Rg8+ 41. Kf1 Rg5 42. Rc4 Nd5 43. Rxh4 Ba7 44. Bd4 Bxd4 45. Rxd4 Rf5+
46. Ke1 Nc3 47. Rb4 Nxe2 48. Kxe2 Rf7 49. h4 Kf5 50. Rb6 Rh7 51. h5 Rxh5 52.
Rxb7 Kf4 53. Rb6 a5 54. Rb5 Rh2+ 55. Kd3 e4+ 56. Kc3 e3 57. Rxa5 Rh1 58. Kd3
1/2-1/2

[Event "Team men HL chess 2017"]
[Site "Sochi"]
[Date "2017.05.01"]
[Round "1.5"]
[White "Chernobay, Artem"]
[Black "Nazaretyan, Tigran"]
[Result "1-0"]
[WhiteElo "2496"]
[BlackElo "2356"]
[PlyCount "101"]
[EventDate "2017.05.01"]

1. e4 c5 2. Nf3 Nc6 3. d4 cxd4 4. Nxd4 Nf6 5. Nc3 d6 6. Bg5 e6 7. Qd2 a6 8.
O-O-O Bd7 9. f4 h6 10. Bh4 b5 11. Qe1 Nxd4 12. Rxd4 Be7 13. e5 dxe5 14. fxe5
Nd5 15. Bxe7 Qxe7 16. Nxd5 exd5 17. Rxd5 O-O 18. Bd3 Be6 19. Rd6 Qg5+ 20. Kb1
Rfd8 21. Qe4 g6 22. h4 Qg4 23. a3 Qxe4 24. Bxe4 Rxd6 25. exd6 Rb8 26. b4 Kg7
27. Rd1 Kf6 28. Kb2 h5 29. g3 Bd7 30. Bd5 Be6 31. Bc6 Bf5 32. c3 Be6 33. Rd4
Bf5 34. c4 bxc4 35. Kc3 Be6 36. a4 g5 37. hxg5+ Kxg5 38. d7 Rd8 39. a5 Kf6 40.
b5 axb5 41. a6 Ke5 42. Rd2 b4+ 43. Kxb4 c3 44. Kxc3 Bxd7 45. Bxd7 Ra8 46. Bb5
f5 47. Rh2 Rh8 48. a7 Rc8+ 49. Kd3 Ra8 50. Ra2 Kd6 51. Ra6+ 1-0

[Event "Team men HL chess 2017"]
[Site "Sochi"]
[Date "2017.05.01"]
[Round "1.5"]
[White "Tenikashvili, Georgij"]
[Black "Sarana, Alexey"]
[Result "0-1"]
[WhiteElo "2305"]
[BlackElo "2472"]
[PlyCount "106"]
[EventDate "2017.05.01"]

1. d4 Nf6 2. c4 g6 3. Nc3 d5 4. Nf3 Bg7 5. Bg5 Ne4 6. cxd5 Nxg5 7. Nxg5 e6 8.
Nf3 exd5 9. b4 Qd6 10. a3 a5 11. b5 O-O 12. e3 f5 13. g3 Nd7 14. Qb3 Nb6 15.
Bg2 a4 16. Qa2 c5 17. O-O c4 18. Rfd1 Rd8 19. Qb2 Be6 20. Ng5 Bd7 21. Qb4 Be8
22. Qxd6 Rxd6 23. f4 Bf8 24. Rab1 Ra5 25. h3 Be7 26. Nf3 Kf7 27. Ne5+ Ke6 28.
Bf3 Na8 29. Rb4 Nc7 30. Rdb1 Rd8 31. Rxa4 Rxa4 32. Nxa4 Nxb5 33. Nc5+ Bxc5 34.
dxc5 Ra8 35. Be2 Ra5 36. Rb4 Bc6 37. Nf3 Nxa3 38. Nd4+ Kf6 39. Kf2 Rxc5 40. g4
Nb5 41. g5+ Ke7 42. Nxc6+ bxc6 43. Ke1 Nd6 44. Bd1 Rb5 45. Ra4 Ne4 46. Bc2 Nc5
47. Ra7+ Rb7 48. Ra8 Kd6 49. Kd2 Re7 50. h4 c3+ 51. Kxc3 Rxe3+ 52. Kd4 Rh3 53.
Rd8+ Ke7 0-1

[Event "Team men HL chess 2017"]
[Site "Sochi"]
[Date "2017.05.01"]
[Round "1.5"]
[White "Ofitserian, Boris"]
[Black "Abrekov, Mussa"]
[Result "1-0"]
[WhiteElo "2391"]
[BlackElo "2219"]
[PlyCount "107"]
[EventDate "2017.05.01"]

1. Nf3 Nf6 2. c4 g6 3. Nc3 d5 4. cxd5 Nxd5 5. Qb3 Nb6 6. d4 Bg7 7. e4 O-O 8.
Be3 Bg4 9. Rd1 Nc6 10. d5 Ne5 11. Be2 Nxf3+ 12. gxf3 Bh3 13. Rg1 Qe8 14. Nb5
Qd8 15. Rc1 c6 16. dxc6 bxc6 17. Nxa7 Rxa7 18. Bxb6 Qb8 19. Bxa7 Qxa7 20. Qa3
Qb8 21. Rg3 Bxb2 22. Qc5 Bxc1 23. Qxc1 Be6 24. a3 Qe5 25. Kf1 Rb8 26. Kg1 Rb2
27. f4 Qd4 28. Rd3 Qb6 29. Qe3 Qa5 30. Bf1 Rb1 31. Rc3 Qb5 32. Rc1 Qb2 33. Rxb1
Qxb1 34. Qd3 Qc1 35. Qe3 Qd1 36. Kg2 c5 37. Be2 Qc2 38. Qd3 Qc1 39. Qe3 Qc2 40.
Bd3 Qb3 41. Be2 c4 42. Qxb3 cxb3 43. Bd3 Kf8 44. Kf1 Ke8 45. Ke2 Kd7 46. Kd2
Kc6 47. Kc3 Kb6 48. f5 gxf5 49. exf5 Bd5 50. f6 h6 51. fxe7 Bc6 52. Kxb3 Kc7
53. a4 Kd6 54. Bb5 1-0

[Event "Team men HL chess 2017"]
[Site "Sochi"]
[Date "2017.05.01"]
[Round "1.6"]
[White "Ponkratov, Pavel"]
[Black "Bublei, Pavel"]
[Result "1-0"]
[WhiteElo "2590"]
[BlackElo "2399"]
[PlyCount "61"]
[EventDate "2017.05.01"]

1. e4 c6 2. d4 d5 3. Nc3 dxe4 4. Nxe4 Nf6 5. Nxf6+ exf6 6. c3 Bf5 7. Ne2 Bd6 8.
Ng3 Bxg3 9. hxg3 O-O 10. Be2 Na6 11. O-O Nc7 12. c4 Re8 13. Be3 Qd7 14. Re1 a5
15. Rc1 a4 16. a3 Be4 17. Bf1 Bf5 18. Qd2 h5 19. Qb4 Be4 20. Bf4 Na6 21. Qc3 b6
22. Be2 Bg6 23. Bf3 Rxe1+ 24. Rxe1 Re8 25. Rxe8+ Qxe8 26. c5 bxc5 27. dxc5 Qe6
28. Qd4 Bc2 29. Bd6 Qc8 30. Qd2 Bb3 31. Qa5 1-0

[Event "Team men HL chess 2017"]
[Site "Sochi"]
[Date "2017.05.01"]
[Round "1.6"]
[White "Antonenko, Vladimir"]
[Black "Gutenev, Alexander"]
[Result "0-1"]
[WhiteElo "2311"]
[BlackElo "2448"]
[PlyCount "80"]
[EventDate "2017.05.01"]

1. d4 Nf6 2. c4 e6 3. Nf3 Bb4+ 4. Bd2 c5 5. Bxb4 cxb4 6. g3 b6 7. Bg2 Bb7 8.
O-O O-O 9. Nbd2 d6 10. Qb3 a5 11. a3 Na6 12. Ne1 Bxg2 13. Kxg2 Qd7 14. Nc2 a4
15. Qd3 b3 16. Ne3 Rfe8 17. f3 Qb7 18. Ne4 Nxe4 19. Qxe4 Qxe4 20. fxe4 Rad8 21.
Rad1 Nb8 22. Rd3 Nc6 23. Kf2 h6 24. Rc1 Kf8 25. Ke1 h5 26. Kd2 e5 27. d5 Na5
28. Kc3 Nb7 29. Nd1 Nc5 30. Re3 Ke7 31. Kb4 Ra8 32. Nc3 Rec8 33. Nb5 Ra5 34.
Kc3 Nxe4+ 35. Rxe4 Rxb5 36. g4 hxg4 37. Rxg4 Rxd5 38. Kb4 Rd2 39. Kxa4 Rxb2 40.
e3 Rc2 0-1

[Event "Team men HL chess 2017"]
[Site "Sochi"]
[Date "2017.05.01"]
[Round "1.6"]
[White "Matsenko, Andrei"]
[Black "Gubsky, Egor"]
[Result "1-0"]
[WhiteElo "2314"]
[BlackElo "2284"]
[PlyCount "95"]
[EventDate "2017.05.01"]

1. e4 c5 2. Nf3 Nc6 3. d4 cxd4 4. Nxd4 e6 5. Nc3 Qc7 6. Be3 a6 7. Qf3 Nf6 8.
O-O-O b5 9. e5 Ng8 10. Nxc6 Bb7 11. Bd3 Bxc6 12. Be4 Ne7 13. Bc5 Rc8 14. Bd6
Bxe4 15. Qxe4 Qc6 16. Rhe1 Qxe4 17. Rxe4 Nc6 18. f4 f6 19. exf6 gxf6 20. Bxf8
Rxf8 21. f5 e5 22. a4 bxa4 23. Nxa4 Ne7 24. Nb6 Rd8 25. Ra4 Nxf5 26. Rxa6 Ne3
27. Rd3 Nxg2 28. Nxd7 Nf4 29. Rd2 Rh8 30. Nxf6+ Ke7 31. b4 h5 32. b5 h4 33. Ng4
Rxd2 34. Kxd2 Rg8 35. Nxe5 Rg2+ 36. Ke3 Nd5+ 37. Kd4 Rd2+ 38. Nd3 Nc7 39. Ra7
Kd6 40. c4 Ne6+ 41. Kc3 Rxh2 42. Ra6+ Ke7 43. b6 Rh3 44. Ra5 Kd7 45. Rb5 Kc8
46. c5 Kb7 47. c6+ Kb8 48. Re5 1-0

[Event "Team men HL chess 2017"]
[Site "Sochi"]
[Date "2017.05.01"]
[Round "1.6"]
[White "Kuzmin, Artem"]
[Black "Mokin, Nikolai"]
[Result "0-1"]
[WhiteElo "2040"]
[BlackElo "2277"]
[PlyCount "84"]
[EventDate "2017.05.01"]

1. e4 c5 2. c3 e6 3. d4 d5 4. e5 Bd7 5. Nf3 Qb6 6. a3 Bb5 7. c4 Bxc4 8. Bxc4
dxc4 9. d5 Ne7 10. Nc3 exd5 11. Nxd5 Nxd5 12. Qxd5 Be7 13. O-O O-O 14. Bg5 Nc6
15. Bxe7 Nxe7 16. Qxc4 Ng6 17. Rfe1 Rae8 18. Re2 h6 19. Rc1 Re6 20. h4 Rfe8 21.
Rce1 Qc7 22. b4 Nxe5 23. Nxe5 Rxe5 24. Qf4 f6 25. Rxe5 Rxe5 26. Qc4+ Qf7 27.
Rc1 Re1+ 28. Kh2 Rxc1 29. Qxc1 c4 30. b5 Qc7+ 31. Kg1 Qc5 32. a4 Qd4 33. h5 Qd3
34. Qe1 c3 35. g3 c2 36. Kg2 Kf7 37. Qa1 Qd5+ 38. Kh2 Qxh5+ 39. Kg2 Qd5+ 40.
Kh2 Qc5 41. Qc1 Qxf2+ 42. Kh3 f5 0-1

[Event "Team men HL chess 2017"]
[Site "Sochi"]
[Date "2017.05.01"]
[Round "1.7"]
[White "Gusarov, Grigory"]
[Black "Sychev, Klementy"]
[Result "1/2-1/2"]
[WhiteElo "2320"]
[BlackElo "2459"]
[PlyCount "81"]
[EventDate "2017.05.01"]

1. e4 e5 2. Nf3 Nc6 3. d4 exd4 4. Nxd4 Nf6 5. Nxc6 bxc6 6. Bd3 d6 7. O-O g6 8.
Nd2 Bg7 9. Nf3 Bg4 10. h3 Bxf3 11. Qxf3 Nd7 12. Bc4 O-O 13. Bb3 Nc5 14. e5 d5
15. Qc3 Qe7 16. Be3 Nxb3 17. axb3 Qxe5 18. Qxc6 Qxb2 19. Rxa7 Rxa7 20. Bxa7 Qc3
21. Qxd5 Qxc2 22. Be3 c6 23. Qd7 Qxb3 24. Qxc6 Qc3 25. Qxc3 Bxc3 26. Rc1 Bf6
27. Rc6 Bg7 28. Rc1 Ra8 29. Rd1 h5 30. g3 Ra1 31. Rxa1 Bxa1 32. Kg2 Kg7 33. g4
hxg4 34. hxg4 Kf6 35. Kf3 Ke6 36. Ke4 f5+ 37. gxf5+ gxf5+ 38. Kf3 Be5 39. Bc1
Bd4 40. Bf4 Bf6 41. Bc1 1/2-1/2

[Event "Team men HL chess 2017"]
[Site "Sochi"]
[Date "2017.05.01"]
[Round "1.7"]
[White "Zakhartsov, Vladimir"]
[Black "Ozgibcev, Anatoly"]
[Result "1/2-1/2"]
[WhiteElo "2442"]
[BlackElo "2379"]
[PlyCount "114"]
[EventDate "2017.05.01"]

1. e4 e5 2. Nf3 Nc6 3. Bb5 Nge7 4. O-O g6 5. d4 exd4 6. Nxd4 Bg7 7. Be3 O-O 8.
Nc3 d5 9. exd5 Nxd5 10. Nxc6 bxc6 11. Nxd5 cxb5 12. Bc5 Re8 13. Be7 Qd7 14.
Nf6+ Bxf6 15. Bxf6 Qxd1 16. Raxd1 Bf5 17. Rd2 Re6 18. Bg5 Rd6 19. Rxd6 cxd6 20.
c3 Be6 21. a3 Kf8 22. Rd1 d5 23. f3 Ke8 24. Kf2 Rc8 25. Be3 a6 26. Bd4 Ke7 27.
h4 h5 28. Ra1 Bd7 29. Re1+ Be6 30. g4 f6 31. Kg3 Kf7 32. Kf4 Re8 33. g5 fxg5+
34. Kxg5 Bf5 35. Be5 Bc2 36. Kf4 Ke6 37. Kg5 Kf7 38. f4 a5 39. Re2 Be4 40. b3
Rc8 41. Ra2 Bb1 42. Rb2 Be4 43. Ra2 Rc6 44. a4 bxa4 45. Rxa4 Rb6 46. b4 axb4
47. cxb4 Rb7 48. Bd4 Bf5 49. Bc5 Be4 50. Ra6 d4 51. Rf6+ Kg8 52. Rf8+ Kg7 53.
Re8 Bf5 54. Bxd4+ Kf7 55. Re5 Rxb4 56. Bc5 Rb7 57. Bd6 Rd7 1/2-1/2

[Event "Team men HL chess 2017"]
[Site "Sochi"]
[Date "2017.05.01"]
[Round "1.7"]
[White "Savchuk, Vladimir"]
[Black "Gochelashvili, David"]
[Result "0-1"]
[WhiteElo "2077"]
[BlackElo "2425"]
[PlyCount "96"]
[EventDate "2017.05.01"]

1. d4 g6 2. Bf4 Bg7 3. e3 d6 4. Nf3 Nf6 5. h3 O-O 6. Be2 Nc6 7. O-O Nd7 8. Bh2
e5 9. c4 Re8 10. Nc3 exd4 11. exd4 Nf6 12. Rc1 Bh6 13. Ra1 Bd7 14. Re1 a6 15.
a3 Ne4 16. Nd5 Ne7 17. Nxe7+ Rxe7 18. Bd3 Ng5 19. Nxg5 Rxe1+ 20. Qxe1 Qxg5 21.
Bg3 Bg7 22. Qe3 Qf6 23. d5 Qxb2 24. Rb1 Re8 25. Qf3 Qxa3 26. Rxb7 Qc5 27. Bf4
Bc8 28. Rb1 Bd4 29. Bd2 Qa3 30. Rb8 Qa1+ 31. Kh2 Kg7 32. g3 Qa2 33. Qf4 Be5 34.
Qh6+ Kg8 35. h4 Qa3 36. Qe3 Kf8 37. h5 Bg7 38. Qf3 Kg8 39. Bb4 Qb3 40. Be2 Qb2
41. h6 Bd4 42. Bc5 Qd2 43. Bxd4 Qxd4 44. Bd3 Kf8 45. Rb1 Bg4 46. Qf4 Qxd3 47.
Rb7 Qf5 48. Qd4 Qh5+ 0-1

[Event "Team men HL chess 2017"]
[Site "Sochi"]
[Date "2017.05.01"]
[Round "1.7"]
[White "Dordzhieva, Dinara"]
[Black "Bezdenezhnyh, Pavel"]
[Result "1-0"]
[WhiteElo "2271"]
[BlackElo "2188"]
[PlyCount "83"]
[EventDate "2017.05.01"]

1. d4 Nf6 2. c4 c5 3. d5 b5 4. cxb5 a6 5. bxa6 g6 6. Nc3 Bxa6 7. g3 d6 8. Bg2
Bg7 9. Nf3 O-O 10. O-O Nbd7 11. Qc2 Qa5 12. Rd1 Rfb8 13. Rb1 h6 14. Bd2 Nb6 15.
b3 Bc8 16. e4 Bg4 17. h3 Bxf3 18. Bxf3 Nfd7 19. a4 Qa6 20. Nb5 Rc8 21. Be2 c4
22. bxc4 Qxa4 23. Rdc1 Qxc2 24. Rxc2 Ra4 25. Rb4 Ra1+ 26. Kg2 f5 27. exf5 Nxd5
28. Rb3 gxf5 29. Bd3 N5f6 30. Bxf5 Ra4 31. Rbc3 Kf8 32. Nd4 e5 33. Ne6+ Kf7 34.
Rd3 d5 35. Nxg7 Kxg7 36. Bxd7 Nxd7 37. Rxd5 Rc7 38. Be3 h5 39. c5 Ra5 40. Rcd2
Nxc5 41. Rc2 Nd7 42. Rxa5 1-0